[Event "HUN-chT2 Breyer 0910"]
[Site "Hungary"]
[Date "2010.04.11"]
[Round "9"]
[White "Peter, Ambrus"]
[Black "Brustkern, Juergen"]
[Result "1/2-1/2"]
[WhiteElo "2401"]
[BlackElo "2255"]
[PlyCount "60"]
[EventDate "2009.11.08"]
[EventType "team-tourn"]
[EventRounds "11"]
[EventCountry "HUN"]
[SourceTitle "EXT 2011"]
[Source "ChessBase"]
[SourceDate "2010.11.26"]
[SourceVersion "1"]
[SourceVersionDate "2010.11.26"]
[SourceQuality "1"]
[WhiteTeam "Torokbalint"]
[BlackTeam "MAFC"]
[WhiteTeamCountry "HUN"]
[BlackTeamCountry "HUN"]

1. c4 Nc6 2. d4 d5 3. Nf3 Bg4 4. cxd5 Bxf3 5. dxc6 Bxc6 6. Nc3 e6 7. e4 Bb4 8. f3 Qh4+ 9. g3 Qh5 10. Be3 0-0-0 11. Bc4 Kb8 12. 0-0 Ba5 13. Qe2 Ne7 14. Rad1 Rhe8 15. Rf2 f5 16. Bxe6 Bxc3 17. bxc3 fxe4 18. fxe4 Qxe2 19. Rxe2 Bxe4 20. Rc1 Bd5 21. Bg5 Bxe6 22. Rxe6 Nd5 23. Rce1 Rxe6 24. Rxe6 Rg8 25. Bd2 Kc8 26. Kf2 Kd7 27. Re5 c6 28. Rh5 h6 29. Ke2 b5 30. a4 a6 1/2-1/2

[Event "HUN-chT 0708"]
[Site "Hungary"]
[Date "2008.03.16"]
[Round "8"]
[White "Peter, Ambrus"]
[Black "Ruck, Robert"]
[Result "1/2-1/2"]
[WhiteElo "2410"]
[BlackElo "2561"]
[PlyCount "34"]
[EventDate "2007.10.14"]
[EventType "team"]
[EventRounds "11"]
[EventCountry "HUN"]
[SourceTitle "EXT 2009"]
[Source "ChessBase"]
[SourceDate "2008.11.26"]
[SourceVersion "1"]
[SourceVersionDate "2008.11.26"]
[SourceQuality "1"]
[WhiteTeam "Postas/MTK"]
[BlackTeam "Csuti"]
[WhiteTeamCountry "HUN"]
[BlackTeamCountry "HUN"]

1. c4 e5 2. Nc3 Nf6 3. Nf3 Nc6 4. a3 Be7 5. e3 0-0 6. Be2 Re8 7. 0-0 Bf8 8. d3 d6 9. b4 Bf5 10. b5 Nb8 11. e4 Bc8 12. a4 Nbd7 13. h3 Nc5 14. Be3 g6 15. Nd2 Bg7 16. Nb3 Nfd7 17. Bg4 Nxb3 1/2-1/2

[Event "HUN-chT 0304"]
[Site "Hungary"]
[Date "2004.04.04"]
[Round "10"]
[White "Harmatosi, Jozsef"]
[Black "Peter, Ambrus"]
[Result "1/2-1/2"]
[WhiteElo "2242"]
[BlackElo "2410"]
[PlyCount "92"]
[EventDate "2003.09.28"]
[EventType "team"]
[EventRounds "11"]
[EventCountry "HUN"]
[SourceTitle "EXT 2006"]
[Source "ChessBase"]
[SourceDate "2005.11.24"]
[SourceVersion "1"]
[SourceVersionDate "2005.11.24"]
[SourceQuality "1"]

1. d4 d5 2. Nf3 Nf6 3. e3 Bg4 4. h3 Bh5 5. g4 Bg6 6. Ne5 Nfd7 7. Nxg6 hxg6 8. c4 dxc4 9. Bxc4 e6 10. Nc3 Nb6 11. Bf1 c6 12. Bg2 Be7 13. 0-0 0-0 14. e4 Qd7 15. a4 Na6 16. a5 Nc8 17. Qb3 Bb4 18. d5 cxd5 19. exd5 e5 20. Ne4 Nd6 21. Ng5 Rfc8 22. f4 Qe7 23. Nxf7 Nxf7 24. d6 Bxd6 25. fxe5 Bxe5 26. Rxf7 Qb4 27. Rxb7+ Qxb3 28. Rxb3 Rab8 29. Bd5+ Kh7 30. Rxb8 Rxb8 31. Ra4 Rd8 32. Bf3 Nc5 33. Rc4 Nb3 34. Bg5 Rd3 35. Be4 Rd4 36. Rxd4 Bxd4+ 37. Kg2 Nxa5 38. b4 Nc4 39. h4 Nd6 40. Bd3 Nf7 41. Bf4 Ne5 42. Bxe5 Bxe5 43. g5 Kg8 44. Bxg6 a6 45. Bd3 Bc3 46. Bxa6 Bxb4 1/2-1/2

[Event "HUN-chT 0304"]
[Site "Hungary"]
[Date "2004.03.21"]
[Round "9"]
[White "Emodi, Barnabas"]
[Black "Peter, Ambrus"]
[Result "0-1"]
[WhiteElo "2369"]
[BlackElo "2410"]
[PlyCount "94"]
[EventDate "2003.09.28"]
[EventType "team"]
[EventRounds "11"]
[EventCountry "HUN"]
[SourceTitle "EXT 2006"]
[Source "ChessBase"]
[SourceDate "2005.11.24"]
[SourceVersion "1"]
[SourceVersionDate "2005.11.24"]
[SourceQuality "1"]

1. d4 d5 2. Nc3 Nf6 3. Bg5 Nbd7 4. Nf3 h6 5. Bh4 e6 6. e3 c5 7. Bd3 c4 8. Be2 Bb4 9. 0-0 Bxc3 10. bxc3 Qa5 11. Qe1 Ne4 12. Nd2 Nxc3 13. Bf3 Qa4 14. e4 0-0 15. Qe3 dxe4 16. Qxc3 exf3 17. Qxc4 Qxc4 18. Nxc4 fxg2 19. Rfe1 Nf6 20. Bxf6 gxf6 21. Rab1 b6 22. Rb3 Rd8 23. c3 Bb7 24. Ne3 Rac8 25. a4 Rc7 26. f4 Kh7 27. Kf2 h5 28. Rg1 e5 29. fxe5 fxe5 30. Nxg2 exd4 31. Rb5 Rc5 32. Rxc5 bxc5 33. Nf4 dxc3 34. Rg5 h4 35. Rxc5 Rc8 36. Rxc8 Bxc8 37. Ke3 Bf5 38. a5 Kh6 39. Nd5 c2 40. Kd2 Kg5 41. Nb4 Be4 42. Na2 Kf4 43. Nc3 Kf3 44. Nb5 Kg2 45. Nxa7 Kxh2 46. Nb5 h3 47. Nc3 Bd3 0-1

[Event "HUN-chT 0203"]
[Site "Hungary"]
[Date "2002.11.24"]
[Round "3.3"]
[White "Lengyel, Bela"]
[Black "Peter, Ambrus"]
[Result "1-0"]
[WhiteElo "2352"]
[BlackElo "2423"]
[PlyCount "85"]
[EventDate "2002.09.22"]
[EventType "team"]
[EventRounds "11"]
[EventCountry "HUN"]
[SourceTitle "EXT 2004"]
[Source "ChessBase"]
[SourceDate "2003.11.25"]
[SourceVersion "1"]
[SourceVersionDate "2003.11.25"]
[SourceQuality "1"]
[WhiteTeam "PMSE"]
[BlackTeam "Vasas"]
[WhiteTeamCountry "HUN"]
[BlackTeamCountry "HUN"]

1. e4 c5 2. Nf3 d6 3. d4 cxd4 4. Nxd4 Nf6 5. Nc3 a6 6. Be2 e5 7. Nb3 Be7 8. 0-0 0-0 9. Be3 Be6 10. f4 Qc7 11. a4 Nbd7 12. a5 b5 13. axb6 Nxb6 14. f5 Bc4 15. Kh1 Rfc8 16. Na5 Bxe2 17. Qxe2 h6 18. Bxb6 Qxb6 19. Nc4 Qc6 20. b3 a5 21. Ra4 Rcb8 22. Qd3 Qc5 23. Ne3 Bd8 24. Rc4 Qa7 25. Ned5 Nd7 26. Rc6 Nc5 27. Qd1 a4 28. b4 Na6 29. Rxd6 a3 30. Na2 Bg5 31. g3 Rd8 32. Rxd8+ Rxd8 33. h4 Be7 34. c3 Kf8 35. Qd3 Nc7 36. c4 Nxd5 37. exd5 e4 38. Qxe4 Re8 39. Re1 Qf2 40. d6 Qxg3 41. dxe7+ Kg8 42. Re3 Qf2 43. Re2 1-0

[Event "HUN-chT 0102"]
[Site "Hungary"]
[Date "2002.03.03"]
[Round "8"]
[White "Palkovi, Jozsef"]
[Black "Peter, Ambrus"]
[Result "0-1"]
[WhiteElo "2450"]
[BlackElo "2421"]
[PlyCount "77"]
[EventDate "2001.??.??"]
[EventType "team"]
[EventRounds "11"]
[EventCountry "HUN"]
[SourceTitle "EXT 2004"]
[Source "ChessBase"]
[SourceDate "2003.11.25"]
[SourceVersion "1"]
[SourceVersionDate "2003.11.25"]
[SourceQuality "1"]

1. e4 e6 2. d4 d5 3. Nc3 Bb4 4. e5 c5 5. Nf3 Ne7 6. dxc5 Nd7 7. Bd3 Nxc5 8. 0-0 Bd7 9. Ne2 Nxd3 10. Qxd3 Ng6 11. c3 Be7 12. Ned4 0-0 13. Re1 Rc8 14. g3 Qb6 15. h4 f6 16. exf6 Bxf6 17. h5 Nh8 18. Rb1 Nf7 19. Bf4 Rce8 20. Ne5 Bc8 21. Re2 Qd8 22. Qd2 Nd6 23. Rbe1 Ne4 24. Qe3 Qc7 25. Ndf3 b6 26. g4 Ba6 27. Rc2 Be7 28. Bh2 Bc5 29. Nd4 Bd6 30. Ndf3 Rf6 31. g5 Rf5 32. Ng4 Bxh2+ 33. Ngxh2 Ref8 34. h6 Qf7 35. Qd4 Nxg5 36. Ne5 Qh5 37. f3 Rf4 38. hxg7 R8f7 39. Qa4 0-1

[Event "HUN-chT 0102"]
[Site "Hungary"]
[Date "2002.02.10"]
[Round "7"]
[White "Peter, Ambrus"]
[Black "Szalai, Kornel"]
[Result "1-0"]
[WhiteElo "2421"]
[BlackElo "2180"]
[PlyCount "57"]
[EventDate "2001.??.??"]
[EventType "team"]
[EventRounds "11"]
[EventCountry "HUN"]
[SourceTitle "EXT 2004"]
[Source "ChessBase"]
[SourceDate "2003.11.25"]
[SourceVersion "1"]
[SourceVersionDate "2003.11.25"]
[SourceQuality "1"]

1. c4 e6 2. d4 Nf6 3. Nc3 d5 4. Bg5 c6 5. e3 Nbd7 6. Bd3 dxc4 7. Bxc4 b5 8. Bd3 a6 9. Nf3 c5 10. 0-0 Bb7 11. a4 cxd4 12. Nxd4 b4 13. Be4 Qb8 14. Bxb7 Qxb7 15. Nce2 Rc8 16. Rc1 Bc5 17. Nb3 Ne4 18. Bf4 0-0 19. Na5 Qa7 20. Rc4 Nef6 21. Qc2 Nd5 22. Bd6 Rfe8 23. Nb3 Nc3 24. Nxc5 Nxe2+ 25. Qxe2 Rxc5 26. Bxc5 Nxc5 27. Rxb4 Qe7 28. Rc4 Rd8 29. Qc2 1-0

[Event "HUN-chT 0102"]
[Site "Hungary"]
[Date "2001.09.30"]
[Round "1"]
[White "Peter, Ambrus"]
[Black "Toth, Andras"]
[Result "1-0"]
[WhiteElo "2421"]
[BlackElo "2382"]
[PlyCount "69"]
[EventDate "2001.??.??"]
[EventType "team"]
[EventRounds "11"]
[EventCountry "HUN"]
[SourceTitle "EXT 2004"]
[Source "ChessBase"]
[SourceDate "2003.11.25"]
[SourceVersion "1"]
[SourceVersionDate "2003.11.25"]
[SourceQuality "1"]

1. d4 Nf6 2. c4 g6 3. g3 Bg7 4. Bg2 0-0 5. Nc3 d6 6. Nf3 Nbd7 7. 0-0 e5 8. e4 c6 9. h3 Qb6 10. Re1 exd4 11. Nxd4 Re8 12. Re2 Nc5 13. Be3 Qb4 14. Rc1 a5 15. a3 Qb6 16. b3 Bd7 17. Qc2 Rad8 18. Rb1 Qa6 19. Ree1 Ne6 20. Nde2 h6 21. Rbd1 Bc8 22. Kh2 b5 23. cxb5 cxb5 24. Nd4 Nxd4 25. Bxd4 Bb7 26. Bf1 Qa8 27. Qb2 b4 28. axb4 axb4 29. Nb5 Nxe4 30. Rxe4 Bxe4 31. Bxg7 Rc8 32. Bxh6 Re5 33. Rxd6 Rcc5 34. Bf4 Rf5 35. Qd4 1-0

[Event "Balaton op 19th"]
[Site "Balatonlelle"]
[Date "2001.09.10"]
[Round "9"]
[White "Szalanczy, Emil"]
[Black "Peter, Ambrus"]
[Result "1-0"]
[WhiteElo "2348"]
[BlackElo "2421"]
[PlyCount "107"]
[EventDate "2001.09.02"]
[EventType "swiss"]
[EventRounds "9"]
[EventCountry "HUN"]
[SourceTitle "EXT 2004"]
[Source "ChessBase"]
[SourceDate "2003.11.25"]
[SourceVersion "1"]
[SourceVersionDate "2003.11.25"]
[SourceQuality "1"]

1. e4 c5 2. Nf3 d6 3. d4 Nf6 4. Nc3 cxd4 5. Nxd4 a6 6. Bg5 e6 7. f4 Qc7 8. Qf3 Nc6 9. 0-0-0 Bd7 10. Nxc6 Bxc6 11. Bxf6 gxf6 12. f5 Bg7 13. Bc4 b5 14. Bb3 b4 15. Ne2 e5 16. Kb1 Rc8 17. Ng3 a5 18. Nh5 Rg8 19. Rhe1 a4 20. Bc4 Ke7 21. Nxg7 Rxg7 22. Rd2 a3 23. g3 axb2 24. Bb3 Bb5 25. Red1 Qc3 26. Qf2 Qc5 27. Kxb2 Qxf2 28. Rxf2 Bc6 29. Rfd2 Rg4 30. Rxd6 Rxe4 31. R6d2 h5 32. Ra1 h4 33. a4 bxa3+ 34. Rxa3 Rc7 35. Ra5 Bd7 36. Rf2 hxg3 37. hxg3 Re3 38. g4 Rg3 39. Rh2 Rxg4 40. Rh7 Be8 41. Ra6 Rg2 42. Re6+ Kd8 43. Rxf6 e4 44. Ra6 e3 45. Ra8+ Ke7 46. f6+ Kxf6 47. Rxe8 Re2 48. Rh3 Kg5 49. Rexe3 Rf2 50. Ref3 Rxf3 51. Rxf3 f5 52. Rf1 f4 53. Bd5 Kg4 54. c4 1-0

[Event "Balaton op 19th"]
[Site "Balatonlelle"]
[Date "2001.09.04"]
[Round "3"]
[White "Szikra, Rezso"]
[Black "Peter, Ambrus"]
[Result "0-1"]
[WhiteElo "2185"]
[BlackElo "2421"]
[PlyCount "124"]
[EventDate "2001.09.02"]
[EventType "swiss"]
[EventRounds "9"]
[EventCountry "HUN"]
[SourceTitle "EXT 2004"]
[Source "ChessBase"]
[SourceDate "2003.11.25"]
[SourceVersion "1"]
[SourceVersionDate "2003.11.25"]
[SourceQuality "1"]

1. e4 c5 2. Nf3 e6 3. d4 cxd4 4. Nxd4 Nf6 5. Nc3 d6 6. Bg5 Be7 7. Bd3 Nc6 8. Nb3 a6 9. Qd2 h6 10. Be3 Ng4 11. Bf4 Bd7 12. f3 Nge5 13. 0-0 Qc7 14. a4 Nxd3 15. Qxd3 Ne5 16. Bxe5 dxe5 17. Rfd1 Rd8 18. Qe2 0-0 19. Rd3 Rc8 20. Kh1 Rfd8 21. h3 Kf8 22. Rad1 Be8 23. Rxd8 Bxd8 24. Qe3 Bg5 25. Qe2 Bf4 26. Qd3 Bg5 27. Qe2 Be7 28. Rd2 Bb4 29. Rd3 Qe7 30. Na2 Bxa4 31. Nxb4 Qxb4 32. Qd1 Qb6 33. Qd2 Bb5 34. Rd6 Qc7 35. Qb4 Qe7 36. Na5 b6 37. Nb3 Ke8 38. Qd2 Rxc2 39. Qxc2 Qxd6 40. Nc1 Ke7 41. Kh2 a5 42. h4 Qc6 43. Qd2 f6 44. Ne2 Bxe2 45. Qxe2 b5 46. Qe3 a4 47. Qa7+ Qd7 48. Qb8 Kf7 49. Kh3 h5 50. Qb6 f5 51. Qb8 fxe4 52. Qxe5 Qd5 53. Qc7+ Kg6 54. fxe4 Qxe4 55. Qe7 Kh7 56. Kh2 b4 57. g3 Qc2+ 58. Kh3 Qb1 59. Qb7 a3 60. bxa3 Qf5+ 61. Kh2 Qc2+ 62. Kh3 bxa3 0-1

[Event "HUN-chT 0001"]
[Site "Hungary"]
[Date "2001.03.04"]
[Round "8"]
[White "Fancsy, Imre"]
[Black "Peter, Ambrus"]
[Result "1-0"]
[WhiteElo "2409"]
[BlackElo "2441"]
[PlyCount "127"]
[EventDate "2000.11.26"]
[EventType "team"]
[EventRounds "11"]
[EventCountry "HUN"]
[SourceTitle "EXT 2009"]
[Source "ChessBase"]
[SourceDate "2008.11.26"]
[SourceVersion "1"]
[SourceVersionDate "2008.11.26"]
[SourceQuality "1"]
[WhiteTeam "Sarospatak"]
[BlackTeam "Honved"]
[WhiteTeamCountry "HUN"]
[BlackTeamCountry "HUN"]

1. Nf3 g6 2. c4 Bg7 3. Nc3 c5 4. g3 Nc6 5. Bg2 d6 6. 0-0 Bd7 7. e3 Nf6 8. d4 0-0 9. b3 a6 10. Bb2 Rb8 11. Rc1 Qa5 12. Qe2 cxd4 13. exd4 Bg4 14. Rfd1 Qh5 15. Ne4 Nd7 16. a3 d5 17. cxd5 Qxd5 18. h3 Bxf3 19. Qxf3 Rfd8 20. Qe3 Qb5 21. Rc2 Qb6 22. d5 Qxe3 23. fxe3 Nce5 24. Rdd2 Nb6 25. Rc7 Nc8 26. Nc5 Nd6 27. Rxe7 Re8 28. Rxe8+ Rxe8 29. Bd4 Nf5 30. Nxb7 Bh6 31. Kf2 Nd7 32. Rd3 Rc8 33. b4 Rc2+ 34. Kf3 Bxe3 35. Bxe3 Ne5+ 36. Ke4 Nxd3 37. Kxd3 Rxg2 38. Bf4 g5 39. d6 Nxd6 40. Bxd6 Ra2 41. Ke4 Rxa3 42. Kf5 Rc3 43. Kxg5 Rc6 44. Bc5 Rc7 45. Na5 Kg7 46. Kf5 Rd7 47. Nc6 Rd3 48. Bd4+ Kf8 49. Be5 Ke8 50. Ke4 Rd2 51. Nb8 Ra2 52. Bc7 Ke7 53. Kd5 Ra4 54. Kc5 Ke6 55. Bd6 f5 56. Kc6 h5 57. Nd7 Kf7 58. h4 Kg6 59. Kb6 Kf7 60. Kb7 a5 61. b5 Re4 62. Kc6 Rc4+ 63. Bc5 Rc1 64. b6 1-0

[Event "HUN-chT 0001"]
[Site "Hungary"]
[Date "2001.01.14"]
[Round "4"]
[White "Berkes, Ferenc"]
[Black "Peter, Ambrus"]
[Result "1-0"]
[WhiteElo "2372"]
[BlackElo "2441"]
[PlyCount "124"]
[EventDate "2000.11.26"]
[EventType "team"]
[EventRounds "11"]
[EventCountry "HUN"]
[SourceTitle "EXT 2009"]
[Source "ChessBase"]
[SourceDate "2008.11.26"]
[SourceVersion "1"]
[SourceVersionDate "2008.11.26"]
[SourceQuality "1"]
[WhiteTeam "Paks"]
[BlackTeam "Honved"]
[WhiteTeamCountry "HUN"]
[BlackTeamCountry "HUN"]

1. c4 Nf6 2. g3 c6 3. Nf3 d5 4. Qc2 g6 5. Bg2 Bg7 6. b3 0-0 7. Bb2 Bf5 8. d3 Qc8 9. h3 Na6 10. Nbd2 Rd8 11. a3 dxc4 12. Nxc4 Ne8 13. Bxg7 Nxg7 14. e4 Be6 15. d4 Nc7 16. Rd1 Nb5 17. Qc1 Nd6 18. Nxd6 exd6 19. Qh6 f6 20. Rd3 Qc7 21. 0-0 Qf7 22. Qe3 Re8 23. Re1 Rad8 24. g4 Bd5 25. Nd2 Bxe4 26. Nxe4 d5 27. f3 dxe4 28. fxe4 Ne6 29. Rf1 g5 30. Kh1 Nf4 31. Rxf4 gxf4 32. Qxf4 Kg7 33. b4 Qc4 34. Qe3 Kh8 35. Rd1 Qe6 36. Qf4 Kg7 37. Rd3 h6 38. h4 Rf8 39. Kg1 Rf7 40. Kh1 Rfd7 41. g5 fxg5 42. hxg5 Rxd4 43. Bh3 Qe7 44. gxh6+ Kh8 45. Rxd4 Rxd4 46. Bf5 Qd6 47. Qg5 Rd1+ 48. Kg2 Rd2+ 49. Kf3 Qd3+ 50. Kf4 Qd6+ 51. Kf3 Qd4 52. Qe7 Rf2+ 53. Kg4 Qd1+ 54. Kg5 Qc1+ 55. Kg6 Rg2+ 56. Kf7 Qc4+ 57. Be6 Qf1+ 58. Bf5 Qc4+ 59. Kf6 Qg8 60. Ke5 Qg3+ 61. Ke6 Qg8+ 62. Kd7 Rg6 1-0

[Event "HUN-ch KO"]
[Site "Budapest"]
[Date "2000.10.02"]
[Round "4.1"]
[White "Peter, Ambrus"]
[Black "Orso, Miklos"]
[Result "0-1"]
[WhiteElo "2441"]
[BlackElo "2346"]
[PlyCount "78"]
[EventDate "2000.08.28"]
[EventType "k.o."]
[EventRounds "6"]
[EventCountry "HUN"]
[SourceTitle "EXT 2001"]
[Source "ChessBase"]
[SourceDate "2000.11.22"]
[SourceVersion "1"]
[SourceVersionDate "2000.11.22"]
[SourceQuality "1"]

1. d4 d5 2. c4 c6 3. Nf3 Nf6 4. Nc3 dxc4 5. a4 Bf5 6. Ne5 e6 7. f3 Bb4 8. e4 Bxe4 9. fxe4 Nxe4 10. Bd2 Qxd4 11. Nxe4 Qxe4+ 12. Qe2 Bxd2+ 13. Kxd2 Qd5+ 14. Kc2 0-0 15. Nxc4 Na6 16. Qe5 Nb4+ 17. Kb3 a5 18. Be2 Qxe5 19. Nxe5 Rfd8 20. Rhd1 Nd5 21. Rac1 f6 22. Nc4 Kf7 23. Rd3 e5 24. Rcd1 Ke6 25. g4 g6 26. Bf1 Rd7 27. Bg2 f5 28. gxf5+ gxf5 29. Rh3 Rg8 30. Rh6+ Rg6 31. Rxg6+ hxg6 32. Nxa5 Rh7 33. Bf1 e4 34. h3 Ne3 35. Bc4+ Ke5 36. Rh1 g5 37. Bg8 Rh8 38. Bf7 g4 39. Nxb7 Rb8 0-1

[Event "Basel Hilton op 02nd"]
[Site "Basel"]
[Date "2000.01.02"]
[Round "3"]
[White "Peter, Ambrus"]
[Black "Farago, Ivan"]
[Result "0-1"]
[WhiteElo "2439"]
[BlackElo "2467"]
[PlyCount "134"]
[EventDate "2000.01.01"]
[EventType "swiss"]
[EventRounds "7"]
[EventCountry "SUI"]
[SourceTitle "CBM 074 Extra"]
[Source "ChessBase"]
[SourceDate "2000.03.10"]
[SourceVersion "2"]
[SourceVersionDate "2000.03.10"]
[SourceQuality "1"]

1. d4 Nf6 2. c4 e6 3. Nf3 b6 4. g3 Ba6 5. b3 d5 6. cxd5 exd5 7. Bg2 Bd6 8. 0-0 0-0 9. Nc3 Re8 10. Qc2 Nbd7 11. Bf4 Bxf4 12. gxf4 Nf8 13. Rfd1 Qd6 14. e3 c6 15. Rac1 Rac8 16. Qb2 Rc7 17. Ne2 Bxe2 18. Qxe2 Qxf4 19. Ne5 Qg5 20. Rxc6 Rxc6 21. Nxc6 Ng6 22. Kh1 a5 23. h3 Ne4 24. Bxe4 Rxe4 25. Rg1 Qf6 26. Na7 Qxd4 27. Qc2 Qf6 28. Nc6 Qe6 29. Rg3 Qc8 30. Nd4 Qxc2 31. Nxc2 Re8 32. Nd4 Ne7 33. Kg2 Rc8 34. Kf3 Rc1 35. Ke2 a4 36. bxa4 Ra1 37. Kf3 Rxa2 38. Rg1 Rxa4 39. Rc1 Rc4 40. Rb1 Nc8 41. Ra1 g6 42. Ra8 Kg7 43. Rb8 h5 44. Rb7 Kf6 45. Rd7 Rc5 46. Rb7 g5 47. Kg3 Ra5 48. Rd7 Kg6 49. Nc6 Rc5 50. Nb4 Kf6 51. Na6 Rc6 52. Nb4 Ke6 53. Rxd5 Rc4 54. Rb5 Rc5 55. Rxc5 bxc5 56. Nc2 Nd6 57. Kf3 Kd5 58. Ke2 Kc4 59. Ne1 Kc3 60. Nf3 f6 61. Nd2 Kc2 62. Nf3 Ne4 63. Ne1+ Kb3 64. f3 Ng3+ 65. Kd2 c4 66. Nc2 Nf1+ 67. Kd1 Kc3 0-1

[Event "Budapest WFG op"]
[Site "Budapest"]
[Date "2000.??.??"]
[Round "?"]
[White "Peter, Ambrus"]
[Black "Cioara, Andrei Nestor"]
[Result "1-0"]
[WhiteElo "2440"]
[BlackElo "2350"]
[PlyCount "119"]
[EventDate "2000.??.??"]
[EventType "swiss"]
[EventRounds "9"]
[EventCountry "HUN"]
[SourceTitle "EXT 2004"]
[Source "ChessBase"]
[SourceDate "2003.11.25"]
[SourceVersion "1"]
[SourceVersionDate "2003.11.25"]
[SourceQuality "1"]

1. d4 Nf6 2. c4 e6 3. Nf3 b6 4. Nc3 Bb4 5. Bg5 h6 6. Bh4 Bb7 7. e3 c5 8. Bd3 0-0 9. 0-0 cxd4 10. exd4 d5 11. cxd5 exd5 12. Re1 Nbd7 13. Rc1 a6 14. Bf5 Be7 15. Qb3 b5 16. Bg3 Re8 17. Ne5 Nxe5 18. dxe5 Nh5 19. e6 Nxg3 20. exf7+ Kxf7 21. Be6+ Kf8 22. hxg3 Bf6 23. Qb4+ Qe7 24. Qf4 Rad8 25. Nxb5 g5 26. Qf5 axb5 27. Rc7 Kg7 28. Rxe7+ Rxe7 29. Rd1 Rd6 30. Bc8 Re5 31. Qh3 Bc6 32. Rc1 Re7 33. g4 Bxb2 34. Rb1 Bf6 35. Bf5 d4 36. Qa3 Rd5 37. Rc1 Bb7 38. Kf1 b4 39. Qb3 Ra5 40. Qxb4 Ba6+ 41. Kg1 Rxa2 42. Qd6 Bc4 43. g3 Ra6 44. Qb8 Bd5 45. Kf1 Bf3 46. Qc8 Ra8 47. Qc2 Be2+ 48. Kg2 Rd8 49. Qd2 d3 50. Rc6 Rb7 51. Be4 Re7 52. Bf5 Rb7 53. Re6 Re7 54. Rxe7+ Bxe7 55. Qc3+ Kf7 56. Qc4+ Kg7 57. Qe4 Bf6 58. Qb7+ Kf8 59. Bg6 Be7 60. Qb3 1-0

[Event "Budapest WFG op"]
[Site "Budapest"]
[Date "2000.??.??"]
[Round "?"]
[White "Peter, Ambrus"]
[Black "Szeberenyi, Adam"]
[Result "1/2-1/2"]
[WhiteElo "2440"]
[BlackElo "2355"]
[PlyCount "88"]
[EventDate "2000.??.??"]
[EventType "swiss"]
[EventRounds "9"]
[EventCountry "HUN"]
[SourceTitle "EXT 2004"]
[Source "ChessBase"]
[SourceDate "2003.11.25"]
[SourceVersion "1"]
[SourceVersionDate "2003.11.25"]
[SourceQuality "1"]

1. c4 e5 2. Nc3 Nf6 3. g3 d5 4. cxd5 Nxd5 5. Bg2 Nb6 6. Nf3 Nc6 7. 0-0 Be7 8. d3 0-0 9. a3 Be6 10. Rb1 f6 11. b4 a5 12. b5 Nd4 13. Nxd4 exd4 14. Ne4 Ba2 15. Ra1 Bd5 16. Bb2 f5 17. Nd2 Bxg2 18. Kxg2 Qd5+ 19. Nf3 Bf6 20. Qc2 Rf7 21. a4 Re8 22. Rfe1 g5 23. Kg1 g4 24. Nd2 Bg7 25. Qb3 Rfe7 26. Kf1 c6 27. bxc6 bxc6 28. Ba3 Re6 29. Qxd5 Nxd5 30. Nc4 Nc3 31. Nxa5 Nxa4 32. Bb4 Nc3 33. Nc4 Nd5 34. Bc5 f4 35. Nd6 Bf8 36. Ne4 Bxc5 37. Nxc5 Rh6 38. Kg2 Rxe2 39. Rxe2 f3+ 40. Kf1 fxe2+ 41. Kxe2 Rxh2 42. Ra8+ Kf7 43. Ra7+ Kf6 44. Rd7 Ke5 1/2-1/2

[Event "EU-Cup 15th Gr6"]
[Site "Budapest"]
[Date "1999.10.13"]
[Round "3"]
[White "Peter, Ambrus"]
[Black "Finkel, Alexander"]
[Result "1-0"]
[WhiteElo "2415"]
[BlackElo "2476"]
[PlyCount "65"]
[EventDate "1999.10.11"]
[EventType "team-k.o."]
[EventRounds "3"]
[EventCountry "HUN"]
[SourceTitle "EXT 2020"]
[Source "ChessBase"]
[SourceDate "2019.10.17"]
[SourceVersion "1"]
[SourceVersionDate "2019.10.17"]
[SourceQuality "1"]
[WhiteTeam "Budapest Honved"]
[BlackTeam "Petah Tikva Elitzur"]
[WhiteTeamCountry "HUN"]
[BlackTeamCountry "ISR"]

1. d4 g6 2. c4 Bg7 3. Nf3 Nf6 4. Nc3 d5 5. cxd5 Nxd5 6. e4 Nxc3 7. bxc3 c5 8. Rb1 0-0 9. Be2 Nc6 10. d5 Ne5 11. Nxe5 Bxe5 12. Qd2 e6 13. f4 Bc7 14. 0-0 exd5 15. exd5 Ba5 16. d6 Qf6 17. d7 Bxc3 18. dxc8Q Raxc8 19. Qc2 b6 20. f5 g5 21. Kh1 Be5 22. Bb2 Rfe8 23. Bb5 Re7 24. Rbe1 Bxb2 25. Rxe7 Qxe7 26. Qxb2 Rd8 27. f6 Qe4 28. Qa3 Rd2 29. Qg3 h6 30. Re1 Qd5 31. h4 c4 32. hxg5 Rd3 33. Re8+ 1-0

[Event "EU-Cup 15th Gr6"]
[Site "Budapest"]
[Date "1999.10.12"]
[Round "2"]
[White "Peter, Ambrus"]
[Black "Zelic, Zdravko"]
[Result "1/2-1/2"]
[WhiteElo "2415"]
[BlackElo "2392"]
[PlyCount "48"]
[EventDate "1999.10.11"]
[EventType "team-k.o."]
[EventRounds "3"]
[EventCountry "HUN"]
[SourceTitle "EXT 2020"]
[Source "ChessBase"]
[SourceDate "2019.10.17"]
[SourceVersion "1"]
[SourceVersionDate "2019.10.17"]
[SourceQuality "1"]
[WhiteTeam "Budapest Honved"]
[BlackTeam "Mravince Dalmacijacement"]
[WhiteTeamCountry "HUN"]
[BlackTeamCountry "CRO"]

1. d4 Nf6 2. c4 e6 3. Nf3 b6 4. g3 Ba6 5. b3 Bb4+ 6. Bd2 Be7 7. Bg2 c6 8. Bc3 d5 9. Ne5 Nfd7 10. Nxd7 Nxd7 11. Nd2 0-0 12. 0-0 Rc8 13. e4 dxe4 14. Bxe4 c5 15. d5 exd5 16. Bxd5 Bf6 17. Ne4 Bxc3 18. Nxc3 Nf6 19. Bf3 Rc7 20. Qc2 Bb7 21. Rad1 Qc8 22. Bxb7 Rxb7 23. Nd5 Nxd5 24. Rxd5 Re8 1/2-1/2

[Event "HUN-chT 9899"]
[Site "Hungary"]
[Date "1999.??.??"]
[Round "?"]
[White "Kallai, Gabor"]
[Black "Peter, Ambrus"]
[Result "1-0"]
[WhiteElo "2505"]
[BlackElo "2405"]
[PlyCount "63"]
[EventDate "1998.??.??"]
[EventType "team"]
[EventRounds "12"]
[EventCountry "HUN"]
[SourceTitle "EXT 2000"]
[Source "ChessBase"]
[SourceDate "1999.11.16"]
[SourceVersion "1"]
[SourceVersionDate "1999.11.16"]
[SourceQuality "1"]

1. d4 Nf6 2. Bg5 e6 3. e3 c5 4. c3 d5 5. Nd2 Nc6 6. f4 Qb6 7. Rb1 Bd7 8. Bd3 0-0-0 9. Ngf3 h6 10. Bh4 Be7 11. b4 cxd4 12. cxd4 g5 13. fxg5 Ng4 14. Qe2 e5 15. b5 Nxd4 16. exd4 e4 17. 0-0 hxg5 18. Bg3 Bd6 19. Bxd6 Qxd6 20. Bxe4 dxe4 21. Nxe4 Qb6 22. h3 Nh6 23. Nc5 Rhe8 24. Ne5 Bf5 25. Rbc1 Kb8 26. Rxf5 Ka8 27. Rf2 Rxd4 28. Ncd7 Qd8 29. Qb2 Rd5 30. Rfc2 Nf5 31. Qb3 Rxd7 32. Rc8+ 1-0